000 01183cam a2200325 i 4500
001 29167
003 Mx-PuUPA
005 20250328111740.0
008 140415s1998 sp ab gr 000 f spa d
017 _aB. 16.357-1998
020 _a8423330079
040 _cMx-PuUPA
_aMx-PuUPA
_bspa
_dMx-PuUPA
_erda
041 1 _aspa
_heng
100 1 _aOndaatje, Michael,
_d1943-
_916875
_eautor
240 1 0 _aRunning in the family.
_lEspañol
245 1 0 _aCosas de familia /
_cMichael Ondaatje ; versión castellana, Celia Filipetto
250 _aPrimera edición /
_babril
264 1 _aBarcelona :
_bEdiciones Destino,
_c1998
300 _a193 páginas :
_bilustraciones, mapas ;
_c23 cm
336 _2rdacontent
_atexto
_btxt
337 _2rdamedia
_asin medio
_bn
338 _2rdacarrier
_avolumen
_bnc
650 7 _2armarc
_aLiteratura asiática (Inglés)
_vNovela
_ySiglo XX
655 7 _2armarc
_aNovela asiática (inglés)
_ySiglo XX
765 0 _aOndaatje, Michael, 1943-
_tRunning in the family.
942 _2ddc
_cLI
_h891.0904
_iO5818
999 _c29167
_d29167